Children's Literary Characters Match-Up Quiz Stats

Quiz Updated Nov 30, 2014

Score 0/24 Timer 04:00
8 Plays Today
% Correct
Willy
97.6%
Pippi
96.2%
Curious
93.3%
Paddington
92.9%
Albus
91.5%
Velveteen
85.7%
Artemis
78.3%
Tinker
76.6%
Amelia
75.1%
Rainbow
59.5%
Stanley
57.6%
Matilda
55.9%
% Correct
Jemima
53.3%
Edmund
52.4%
Maniac
50.2%
Esperanza
47.1%
Klaus
40.4%
Bartholomew
39.7%
Strega
36.6%
Ender
31.1%
Meg
24.7%
Mildred
19.5%
Greg
18.3%
Despereaux
15.6%

You're not logged in!

Compare scores with friends on all Sporcle quizzes.
Sign Up with Email
OR
Log In

You Might Also Like...

Show Comments

Extras

Top Quizzes Today


Score Distribution

Your Account Isn't Verified!

In order to create a playlist on Sporcle, you need to verify the email address you used during registration. Go to your Sporcle Settings to finish the process.

Report this User

Report this user for behavior that violates our Community Guidelines.

Details: